000 00992nam a2200289 i 4500
001 194363
003 ES-MaACL
005 20250825062736.0
007 ta
008 240429s2017 sp ||||| |||| 00| 0 spa d
017 _aBA 000575-2017
040 _aES-MaACL
_cES-MaACL
100 _aPorro Porro, José Carlos,
_9236047
_d1943-
245 _aManuel /
_cCarlos Porro.
250 _aPrimera Edición
260 _a[Badajoz] :
_bAyuntamiento de Don Benito,
_c2017.
300 _a149 páginas ;
_c24 cm
500 _aCatalogación provisional. Signatura: N 8650. Depósito J.
600 4 _aCarvajal, Juan Acero
_vBiografias
_9236132
655 0 _aBiografías
_9176647
852 _aES-MaACL
_bR.152515
_cDEPOJ
_jN-8650
_xRústica
_9202072
_hDonación: Editorial
_zEn proceso
942 _cMONOGRAFIA
999 _c194363
_d194363